Aeolian environments, sediments, and landforms
Saved in:
| Corporate Author: | |
|---|---|
| Other Authors: | , , |
| Format: | Book |
| Language: | English |
| Published: |
Chichester, England :
Wiley,
c1999
|
| Series: | British Geomorphological Research Group symposia series
|
| Subjects: | |
| Tags: |
Add Tag
No Tags, Be the first to tag this record!
|
MARC
| LEADER | 00000nam a2200000 i 4500 | ||
|---|---|---|---|
| 001 | 1/73382 | ||
| 008 | 080205s1999 eng d | ||
| 020 | |a 978-0-471-98573-0 | ||
| 020 | |a 0-471-98573-2 | ||
| 035 | |l 10094379 | ||
| 040 | |a GR-MY-UA |b gre |e aacr | ||
| 041 | 0 | |a eng | |
| 082 | 0 | |a 551.375 |2 (22) | |
| 245 | 1 | 0 | |a Aeolian environments, sediments, and landforms / |c edited by Andrew S. Goudie, Ian Livingstone, and Stephen Stokes |
| 260 | |a Chichester, England : |b Wiley, |c c1999 | ||
| 300 | |a viii, 325 σ.; |b εικ., χάρτες; |c 25 εκ. | ||
| 490 | 1 | |a British geomorphological research group symposia series | |
| 500 | |a Έγγραφα από την 4η Διεθνή Διάσκεψη σχετικά με την αιολική έρευνα (ICAR 4), που πραγματοποιήθηκε στη σχολή γεωγραφίας του κολλεγίου του St. Catherine, Πανεπιστήμιο της Οξφόρδης, Ιούλιος 1998 | ||
| 504 | |a Περιέχει βιβλιογραφικές παραπομπές και ευρετήριο | ||
| 650 | 0 | 0 | |a Sand dunes |x Congresses. |
| 650 | 0 | 0 | |a Eolian processes |x Congresses. |
| 700 | 1 | |a Goudie, Andrew. |4 edt | |
| 700 | 1 | |a Livingstone, Ian, Dr. |4 edt | |
| 700 | 1 | |a Stokes, S. |4 edt | |
| 710 | 2 | |a International Conference on Aeolian Research. | |
| 830 | 0 | |a British Geomorphological Research Group symposia series | |
| 852 | |a INST |b LESVOS |e 20080205 |h 551.375 AEO |p 005100040244 |q 005100040244 |t BK |y 0 | ||
| 901 | |a BIBL1-2008-1 | ||
| 909 | |a Λ |b 145248 | ||
| 922 | |a 1ΕΛΗ |b 200801 |c ΕΠΕΑΕΚ2/ΤΓ |d ΕΛΕΥΘΕΡΟΥΔΑΚΗΣ | ||
| 970 | |a ΚΑΡΑ |b ΓΙΑΣΕΜΗ |z 2008/02/05 | ||